[Event "Women's Speed Chess Q2"]
[Site "chess.com INT"]
[Date "2021.05.29"]
[Round "10"]
[White "Zawadzka, Jolanta"]
[Black "Martynkova, Olena"]
[Result "1-0"]
[WhiteTitle "WGM"]
[BlackTitle "WIM"]
[WhiteElo "2399"]
[BlackElo "2195"]
[WhiteFideId "1122320"]
[BlackFideId "14134039"]
[EventDate "2021.05.29"]

1. e4 e5 2. Nf3 Nc6 3. d4 exd4 4. Bc4 Be7 5. O-O d6 6. Nxd4 Nf6 7. Nc3 O-O 8.
Nxc6 bxc6 9. h3 Bb7 10. Bd3 c5 11. Re1 h6 12. b3 Nd7 13. Bb2 Ne5 14. Bf1 Bf6 15.
f4 Nc6 16. e5 dxe5 17. Nd5 Nd4 18. Nxf6+ Qxf6 19. fxe5 Qf4 20. Qc1 Qxc1 21.
Raxc1 Rad8 22. Ba3 Ne6 23. Rcd1 Rd4 24. Rxd4 Nxd4 25. Bxc5 Rd8 26. Bd3 Ne6 27.
Be3 g5 28. Kf2 a5 29. g3 Bc6 30. Bc4 a4 31. Ke2 axb3 32. cxb3 Bd5 33. a4 Bxc4+
34. bxc4 Ra8 35. Ra1 c5 36. Kd3 Kf8 37. Ke4 Ke7 38. Kd5 Kd7 39. Bxc5 Ra5 40. Ke4 1-0

[Event "Women's Speed Chess Q2"]
[Site "chess.com INT"]
[Date "2021.05.29"]
[Round "10"]
[White "Linares Napoles, Oleiny"]
[Black "Shuvalova, Polina"]
[Result "1-0"]
[WhiteTitle "WGM"]
[BlackTitle "IM"]
[WhiteElo "2255"]
[BlackElo "2484"]
[WhiteFideId "3504794"]
[BlackFideId "24171760"]
[EventDate "2021.05.29"]

1. d4 Nf6 2. Bf4 e6 3. e3 c5 4. c3 Nc6 5. Nd2 Be7 6. Ngf3 O-O 7. h3 d6 8. Be2 b6
9. O-O Bb7 10. e4 cxd4 11. cxd4 Nxd4 12. Nxd4 e5 13. Be3 exd4 14. Bxd4 Nxe4 15.
Bf3 Nxd2 16. Bxb7 Nxf1 17. Bxa8 Qxa8 18. Qg4 g6 19. Rxf1 Qc8 20. Qf3 Qe6 21. a3
Rc8 22. Bc3 d5 23. Re1 Qd7 24. Qf4 Bc5 25. Be5 Qf5 26. Qxf5 gxf5 27. b4 Bf8 28.
Rd1 Rd8 29. Bf6 Rd6 30. Be5 Rd7 31. Rd3 Bg7 32. Rg3 f6 33. Bxf6 Kf8 34. Bxg7+
Rxg7 35. Rxg7 Kxg7 36. Kf1 Kf6 37. Ke2 Ke5 38. Kd3 d4 39. g3 b5 40. f4+ Kd5 41.
g4 fxg4 42. hxg4 a6 43. g5 Ke6 44. Ke4 d3 45. f5+ Kd6 46. Kxd3 Ke5 47. f6 Ke6
48. Ke4 h6 49. gxh6 Kxf6 50. Kd5 Kg6 51. Kc6 1-0

[Event "Women's Speed Chess Q2"]
[Site "chess.com INT"]
[Date "2021.05.29"]
[Round "10"]
[White "Sviridova, Vlada"]
[Black "Mendoza, Shania Mae"]
[Result "1-0"]
[WhiteTitle "WFM"]
[BlackTitle "WFM"]
[WhiteElo "2144"]
[BlackElo "2158"]
[WhiteFideId "24109606"]
[BlackFideId "5211158"]
[EventDate "2021.05.29"]

1. d4 d5 2. c4 c6 3. Nf3 Nf6 4. Nc3 e6 5. e3 Be7 6. Qc2 Nbd7 7. Bd3 dxc4 8. Bxc4
b5 9. Bd3 a6 10. e4 c5 11. e5 Nd5 12. Nxd5 exd5 13. O-O c4 14. Bf5 Nf8 15. a4
Bxf5 16. Qxf5 Ne6 17. Be3 O-O 18. g3 g6 19. Qc2 Kg7 20. h4 h6 21. Qd2 Rh8 22.
Kg2 b4 23. Nh2 a5 24. f4 f5 25. exf6+ Bxf6 26. f5 Nf8 27. fxg6 Nxg6 28. Ng4 Bxh4
29. Bxh6+ Kg8 30. gxh4 Ra6 31. Qg5 Qxg5 32. hxg5 Kh7 33. Nf6+ Rxf6 34. Rxf6 Re8
35. Raf1 Re2+ 36. Kg3 Re3+ 37. R1f3 Re7 38. Rf7+ Rxf7 39. Rxf7+ Kh8 40. Rd7 c3
41. bxc3 bxc3 42. Rc7 1-0

[Event "Women's Speed Chess Q2"]
[Site "chess.com INT"]
[Date "2021.05.29"]
[Round "10"]
[White "Bommini, Mounika Akshaya"]
[Black "Serikbay, Assel"]
[Result "0-1"]
[WhiteTitle "WFM"]
[BlackTitle "WIM"]
[WhiteElo "2029"]
[BlackElo "2228"]
[WhiteFideId "25019872"]
[BlackFideId "13706799"]
[EventDate "2021.05.29"]

1. d4 d5 2. c4 c6 3. Nc3 Nf6 4. Bf4 dxc4 5. e4 b5 6. a3 Bb7 7. Nf3 Nbd7 8. Qc2
e6 9. Be2 Be7 10. O-O O-O 11. h3 a6 12. Rad1 Nb6 13. Ne5 Qc8 14. Bh2 c5 15. dxc5
Bxc5 16. Rd2 Rd8 17. Rfd1 Rxd2 18. Qxd2 Nxe4 19. Nxe4 Bxe4 20. Qf4 Bg6 21. h4
Nd5 22. Qg3 Bf5 23. h5 Bd6 24. h6 g6 25. Qf3 Qc7 26. Rxd5 exd5 27. Qxd5 Re8 28.
f4 Qc5+ 29. Qxc5 Bxc5+ 30. Kf1 Bd4 0-1

[Event "Women's Speed Chess Q2"]
[Site "chess.com INT"]
[Date "2021.05.29"]
[Round "10"]
[White "Doluhanova, Evgeniya"]
[Black "Froewis, Annika"]
[Result "1-0"]
[WhiteTitle "WGM"]
[BlackTitle "WFM"]
[WhiteElo "2207"]
[BlackElo "2143"]
[WhiteFideId "14112035"]
[BlackFideId "1621432"]
[EventDate "2021.05.29"]

1. e4 e5 2. Nf3 d6 3. d4 exd4 4. Nxd4 Nf6 5. Nc3 Be7 6. Bc4 O-O 7. a4 Re8 8. O-O
Bf8 9. Re1 Nbd7 10. h3 Ne5 11. Bf1 c6 12. Bg5 h6 13. Bh4 Ng6 14. Bg3 Qb6 15. Nb3
Be6 16. a5 Qc7 17. Nd4 Rad8 18. Nxe6 Rxe6 19. Bc4 Re7 20. Bb3 Qd7 21. Qd4 Nh5
22. Bh2 a6 23. Rad1 Ree8 24. Na4 Nhf4 25. Nb6 Qe7 26. Qe3 Qg5 27. Bxf4 Nxf4 28.
Qg3 Qf6 29. c3 Re5 30. h4 Rxa5 31. Nc4 Rh5 32. Ne3 Rxh4 33. Nf5 Rh5 34. Qxf4 d5
35. Bc2 Bc5 36. Qf3 Rg5 37. e5 Qe6 38. b4 g6 39. Nxh6+ Kh7 40. Nxf7 Rf5 41. Bxf5
Kg7 42. Bxe6 1-0

[Event "Women's Speed Chess Q2"]
[Site "chess.com INT"]
[Date "2021.05.29"]
[Round "10"]
[White "Smirnova, Ekaterina"]
[Black "Lujan, Carolina"]
[Result "1-0"]
[WhiteTitle "WIM"]
[BlackTitle "IM"]
[WhiteElo "2240"]
[BlackElo "2346"]
[WhiteFideId "4110943"]
[BlackFideId "109878"]
[EventDate "2021.05.29"]

1. d4 Nf6 2. c4 g6 3. Nc3 d5 4. Nf3 Bg7 5. Bg5 Ne4 6. Bf4 Nxc3 7. bxc3 O-O 8. e3
dxc4 9. Bxc4 c5 10. O-O Nc6 11. a4 Na5 12. Be2 Be6 13. Rb1 b6 14. Ne5 Qc8 15.
Bf3 Rb8 16. d5 Bf5 17. e4 Bd7 18. Nxd7 Qxd7 19. Bxb8 Rxb8 20. Qc2 Nc4 21. Rbd1
Qd6 22. Be2 Na5 23. f4 c4 24. e5 Qc5+ 25. Kh1 Rd8 26. Bf3 Qa3 27. Rfe1 Bh6 28.
f5 Nb3 29. e6 Qd6 30. exf7+ Kxf7 31. fxg6+ Qxg6 32. Be4 Qh5 33. Bxh7 Bg5 34. Bf5
Rh8 35. Be6+ Kg7 36. h3 Bf4 37. Rf1 Qg5 38. Qf5 Qxf5 39. Bxf5 Bd6 40. Be6 Nc5
41. Rf7+ Kg6 42. Rd4 Nd3 43. Rg4+ Kh5 44. Rf5+ Kh6 45. Rh4+ Kg7 46. Rf7+ Kg8 47.
Rxe7+ Kf8 48. Rf7+ 1-0

[Event "Women's Speed Chess Q2"]
[Site "chess.com INT"]
[Date "2021.05.29"]
[Round "10"]
[White "Berend, Elvira"]
[Black "Li, Xueyi"]
[Result "1/2-1/2"]
[WhiteTitle "WGM"]
[BlackTitle "WGM"]
[WhiteElo "2326"]
[BlackElo "2328"]
[WhiteFideId "4000510"]
[BlackFideId "8605912"]
[EventDate "2021.05.29"]

1. e4 c6 2. d4 d5 3. e5 Bf5 4. h4 h5 5. Nf3 e6 6. Bd3 Bxd3 7. Qxd3 Qa5+ 8. c3
Qa6 9. Qxa6 Nxa6 10. Bg5 c5 11. Nbd2 f6 12. Bf4 Ne7 13. Be3 Nf5 14. Ke2 Be7 15.
g3 Kf7 16. Rac1 Rac8 17. a3 Nb8 18. b4 cxd4 19. cxd4 Nd7 20. exf6 gxf6 21. Kd3
Nb6 22. Rhe1 Nd6 23. Bf4 Ndc4 24. Nxc4 Nxc4 25. Rc3 a5 26. bxa5 Nxa5 27. Rb1
Rxc3+ 28. Kxc3 Rc8+ 29. Kd3 Bxa3 30. Rb5 Nc4 31. Rxb7+ Kg6 32. Bc7 Bd6 33. Bxd6
Nxd6 34. Rb6 Ne4 35. Rxe6 Rc3+ 36. Ke2 Rc2+ 37. Ke3 Rc3+ 38. Ke2 Rc2+ 39. Ke3
Rc3+ 40. Ke2 1/2-1/2

[Event "Women's Speed Chess Q2"]
[Site "chess.com INT"]
[Date "2021.05.29"]
[Round "10"]
[White "Petrova, Irina"]
[Black "Dordzhieva, Dinara"]
[Result "0-1"]
[WhiteTitle "WIM"]
[BlackTitle "WGM"]
[WhiteElo "2110"]
[BlackElo "2334"]
[WhiteFideId "14124122"]
[BlackFideId "24157570"]
[EventDate "2021.05.29"]

1. e4 c5 2. Nf3 d6 3. Bb5+ Bd7 4. Bxd7+ Qxd7 5. c4 Nf6 6. Nc3 Nc6 7. d4 cxd4 8.
Nxd4 Rc8 9. f3 g6 10. Be3 Bg7 11. b3 a6 12. O-O O-O 13. Rc1 Ne5 14. Qe2 Rfd8 15.
Rfd1 Qe8 16. Nc2 Nc6 17. Nd5 Nxd5 18. cxd5 Ne5 19. f4 Nd7 20. Bd4 Nc5 21. Bxg7
Kxg7 22. b4 Na4 23. Ne3 Kg8 24. e5 Nc3 25. Rxc3 Rxc3 26. Ng4 Qb5 27. Qe1 Qxb4
28. e6 f5 29. Nh6+ Kg7 30. Qh4 Re8 31. Qg5 Qc5+ 32. Kh1 Qxd5 33. Rb1 Qxe6 34. h4
Qf6 35. Rxb7 Re3 36. Nxf5+ Qxf5 0-1

[Event "Women's Speed Chess Q2"]
[Site "chess.com INT"]
[Date "2021.05.29"]
[Round "10"]
[White "Secopito, Catherine"]
[Black "Soumya, Swaminathan"]
[Result "1-0"]
[WhiteTitle "WIM"]
[BlackTitle "IM"]
[WhiteElo "2075"]
[BlackElo "2351"]
[WhiteFideId "5202744"]
[BlackFideId "5016193"]
[EventDate "2021.05.29"]

1. d4 Nf6 2. c4 g6 3. Nc3 Bg7 4. Nf3 O-O 5. g3 c5 6. d5 e6 7. Bg2 exd5 8. cxd5
d6 9. O-O Re8 10. h3 a6 11. a4 Nbd7 12. Bf4 Nh5 13. Bxd6 Qb6 14. g4 Qxd6 15.
gxh5 Nf6 16. hxg6 hxg6 17. Ng5 Qf4 18. Qc1 Qh4 19. Nf3 Qh5 20. a5 Bxh3 21. Ra4
Bh6 22. e3 Bxg2 23. Kxg2 Bg7 24. Rh1 Qf5 25. Rf4 Qd7 26. e4 Nh5 27. Rfh4 Bxc3
28. Qxc3 f6 29. Kf1 Kg7 30. Rxh5 gxh5 31. Rxh5 Rh8 32. Rf5 Rh1+ 33. Ke2 Rh6 34.
Nh4 Re8 35. Rf4 Kf7 36. Nf5 1-0

[Event "Women's Speed Chess Q2"]
[Site "chess.com INT"]
[Date "2021.05.29"]
[Round "10"]
[White "Vaishali, R"]
[Black "Vo, Thi Kim Phung"]
[Result "1/2-1/2"]
[WhiteTitle "WGM"]
[BlackTitle "WGM"]
[WhiteElo "2393"]
[BlackElo "2335"]
[WhiteFideId "5091756"]
[BlackFideId "12401838"]
[EventDate "2021.05.29"]

1. e4 e6 2. d4 d5 3. Nd2 Nf6 4. e5 Nfd7 5. c3 c5 6. Ngf3 b6 7. Bd3 Ba6 8. Nf1
Bxd3 9. Qxd3 Nc6 10. Ng3 cxd4 11. cxd4 Nb4 12. Qe2 Qc7 13. O-O Qc4 14. Qd1 Qc2
15. a3 Qxd1 16. Rxd1 Nc6 17. Bd2 Be7 18. Rac1 Na5 19. Bb4 Nc4 20. Rc2 Bxb4 21.
axb4 b5 22. b3 Ncb6 23. Ra1 O-O 24. Rc7 Rfc8 25. Rxc8+ Rxc8 26. Rxa7 h6 27. h4
Rc3 28. Ra5 Rxb3 29. Rxb5 Rb1+ 30. Kh2 Rb2 31. Kg1 Rb1+ 32. Kh2 Rb2 33. Kg1 Rb1+ 1/2-1/2

[Event "Women's Speed Chess Q2"]
[Site "chess.com INT"]
[Date "2021.05.29"]
[Round "10"]
[White "Kiran, Manisha Mohanty"]
[Black "Franco Valencia, Angela"]
[Result "1-0"]
[WhiteTitle "WGM"]
[BlackTitle "WIM"]
[WhiteElo "2168"]
[BlackElo "2089"]
[WhiteFideId "5019575"]
[BlackFideId "4403070"]
[EventDate "2021.05.29"]

1. e4 e5 2. Nf3 Nc6 3. Bb5 a6 4. Ba4 d6 5. O-O Bd7 6. Re1 g6 7. c3 Bg7 8. d4
exd4 9. cxd4 Nge7 10. Nc3 b5 11. Bb3 Na5 12. Bc2 O-O 13. e5 Bg4 14. h3 Bxf3 15.
Qxf3 dxe5 16. dxe5 Nc4 17. Bf4 Nxb2 18. Rab1 Nc4 19. Rbd1 Qc8 20. Bg5 Qe6 21.
Bb3 c6 22. Bxc4 bxc4 23. Rd6 Qf5 24. Bxe7 Qxf3 25. gxf3 Rfe8 26. Rd7 f6 27. f4
Rab8 28. e6 f5 29. Na4 c3 30. Rc1 Rb5 31. Nxc3 Rb2 32. Na4 Rxa2 33. Nc5 a5 34.
Bd6 Bd4 35. e7 Rxf2 36. Kh1 Kf7 37. Rd1 Bf6 38. Ra7 Ra2 39. Re1 Bc3 40. Rb1 Rd2
41. Be5 Bb4 42. Nb3 Rd3 43. Nxa5 Bc5 44. Rab7 Rxe7 45. Nxc6 Rxb7 46. Rxb7+ Ke6
47. Kg2 Rd2+ 48. Kg3 Rd3+ 49. Kg2 Rd2+ 50. Kf1 h6 51. Nd8+ Kd5 52. Rd7+ Ke4 53.
Rxd2 1-0

[Event "Women's Speed Chess Q2"]
[Site "chess.com INT"]
[Date "2021.05.29"]
[Round "10"]
[White "Gaponenko, Inna"]
[Black "Tarasova, Viktoriya"]
[Result "1-0"]
[WhiteTitle "IM"]
[BlackTitle "WIM"]
[WhiteElo "2357"]
[BlackElo "2226"]
[WhiteFideId "14101181"]
[BlackFideId "4175840"]
[EventDate "2021.05.29"]

1. e4 e5 2. Nf3 Nc6 3. Bb5 Nf6 4. O-O Nxe4 5. d4 Nd6 6. Bxc6 dxc6 7. dxe5 Nf5 8.
Qxd8+ Kxd8 9. h3 Bd7 10. Rd1 Kc8 11. Ng5 Be8 12. g4 Ne7 13. Nc3 Ng6 14. f4 Bc5+
15. Kg2 h5 16. Nce4 Be7 17. Nf3 hxg4 18. hxg4 Nh4+ 19. Nxh4 Rxh4 20. Kg3 c5 21.
Be3 b6 22. f5 Rh8 23. f6 gxf6 24. exf6 Bf8 25. Bf4 Bc6 26. Ng5 Be8 27. Rh1 Rg8
28. Rh7 Bd7 29. Rd1 Bd6 30. Rg7 Re8 31. Bxd6 cxd6 32. Nxf7 Re2 33. Nxd6+ Kc7 34.
Nb5+ Kc6 35. c4 Rd8 36. Rd6+ Kb7 37. Rdxd7+ Rxd7 38. Rxd7+ Kb8 39. f7 1-0

[Event "Women's Speed Chess Q2"]
[Site "chess.com INT"]
[Date "2021.05.29"]
[Round "10"]
[White "Arakhamia-Grant, Ketevan"]
[Black "Priyanka, K"]
[Result "0-1"]
[WhiteTitle "GM"]
[BlackTitle "WIM"]
[WhiteElo "2380"]
[BlackElo "2218"]
[WhiteFideId "13600168"]
[BlackFideId "5082986"]
[EventDate "2021.05.29"]

1. e4 c5 2. Nf3 d6 3. Bb5+ Nd7 4. O-O a6 5. Bd3 Ngf6 6. c3 g6 7. Bc2 Ne5 8. d4
Nxf3+ 9. Qxf3 cxd4 10. cxd4 Qc7 11. Nc3 Bg4 12. Qg3 h5 13. Bg5 Bg7 14. Rac1 Qb6
15. e5 dxe5 16. dxe5 Nd7 17. Nd5 Qa5 18. Qb3 Bxe5 19. Rfe1 Be6 20. Be4 Nc5 21.
Qc2 Nxe4 22. Qxe4 Bd6 23. Bxe7 Bxe7 24. Nc7+ Kf8 25. Nxa8 Kg7 26. Nc7 Qf5 27.
Nxe6+ fxe6 0-1

[Event "Women's Speed Chess Q2"]
[Site "chess.com INT"]
[Date "2021.05.29"]
[Round "10"]
[White "Adam, Ernestina"]
[Black "Ribeiro, Regina"]
[Result "1-0"]
[WhiteTitle "WCM"]
[BlackTitle "WIM"]
[WhiteElo "1354"]
[BlackElo "1920"]
[WhiteFideId "165883"]
[BlackFideId "2100681"]
[EventDate "2021.05.29"]

1. e4 c6 2. d4 d5 3. Nc3 dxe4 4. Nxe4 Nf6 5. Nxf6+ exf6 6. Nf3 Bd6 7. h3 O-O 8.
Bd3 Re8+ 9. Be3 Be6 10. O-O Nd7 11. c4 Nf8 12. Qc2 Qd7 13. Nh4 g6 14. Nf3 Bxh3
15. Nh2 Bg4 16. g3 Bxg3 17. fxg3 Rxe3 18. Rae1 Rxg3+ 19. Kh1 Qxd4 20. Be4 Bh3
21. Rg1 Rxg1+ 22. Rxg1 Re8 23. Bg2 Bf5 24. Qb3 b6 25. Nf3 Qf2 26. Qc3 Re3 27.
Qxf6 Rxf3 28. Bxf3 Qxf3+ 29. Rg2 Qf1+ 30. Kh2 Qf4+ 31. Kh1 Qh4+ 32. Qxh4 Ne6 33.
Re2 Nd4 34. Qxd4 1-0

[Event "Women's Speed Chess Q2"]
[Site "chess.com INT"]
[Date "2021.05.29"]
[Round "10"]
[White "Mahalakshmi, M"]
[Black "Perez Rodriguez, Jennifer"]
[Result "0-1"]
[WhiteTitle "WIM"]
[BlackTitle "WIM"]
[WhiteElo "2253"]
[BlackElo "2251"]
[WhiteFideId "5001080"]
[BlackFideId "3507831"]
[EventDate "2021.05.29"]

1. d4 Nf6 2. Nc3 d5 3. Bf4 c6 4. e3 Bf5 5. Bd3 Bxd3 6. Qxd3 e6 7. Nf3 Nbd7 8.
O-O Be7 9. Rad1 O-O 10. e4 dxe4 11. Nxe4 Nxe4 12. Qxe4 Nf6 13. Qe2 Qa5 14. a3
Rfd8 15. h3 Rac8 16. Ne5 Qb6 17. c3 c5 18. Be3 cxd4 19. Bxd4 Bc5 20. Bxc5 Qxc5
21. Rxd8+ Rxd8 22. Rd1 Rd5 23. Ng4 Nxg4 24. Qxg4 h6 25. Qe2 Qd6 26. Rxd5 Qxd5
27. c4 Qd4 28. Qc2 e5 29. c5 e4 30. Qc1 f5 31. b4 a6 32. Qb1 f4 33. Qb3+ Kh7 34.
Qf7 Qa1+ 35. Kh2 Qe5 36. Kg1 e3 37. fxe3 fxe3 38. Kf1 Qe4 39. Ke1 Qd3 40. g4
Qd2+ 41. Kf1 e2+ 42. Kg1 e1=Q+ 0-1

[Event "Women's Speed Chess Q2"]
[Site "chess.com INT"]
[Date "2021.05.29"]
[Round "10"]
[White "Antova, Gabriela"]
[Black "Padmini, Rout"]
[Result "1-0"]
[WhiteTitle "FM"]
[BlackTitle "IM"]
[WhiteElo "2250"]
[BlackElo "2370"]
[WhiteFideId "2915235"]
[BlackFideId "5029295"]
[EventDate "2021.05.29"]

1. d4 Nf6 2. c4 c5 3. d5 b5 4. Nf3 g6 5. cxb5 a6 6. b6 d6 7. Nc3 Nbd7 8. e4 Bg7
9. a4 Nxb6 10. Nd2 Rb8 11. a5 Na8 12. Nc4 O-O 13. Be2 Bd7 14. O-O Bb5 15. Ne3
Nc7 16. f4 Bxe2 17. Qxe2 Nb5 18. Nc4 Nd4 19. Qd3 Nd7 20. Be3 Nb5 21. Rae1 Qc7
22. h3 Rb7 23. Bf2 Rfb8 24. Bh4 Re8 25. Qg3 e6 26. dxe6 fxe6 27. f5 Ne5 28. Ne3
Nd4 29. f6 Bf8 30. Rf2 Nd3 31. f7+ Qxf7 32. Rxf7 Rxf7 33. Rf1 Bg7 34. Rxf7 Kxf7
35. Nc4 Ne5 36. Nxd6+ Kg8 37. Nxe8 Nc4 38. Bf6 1-0

[Event "Women's Speed Chess Q2"]
[Site "chess.com INT"]
[Date "2021.05.29"]
[Round "10"]
[White "Varshini, V"]
[Black "Kairbekova, Amina"]
[Result "1-0"]
[WhiteTitle "WGM"]
[BlackTitle "WFM"]
[WhiteElo "2226"]
[BlackElo "2132"]
[WhiteFideId "5091241"]
[BlackFideId "13712799"]
[EventDate "2021.05.29"]

1. e4 c5 2. Nc3 Nc6 3. Nge2 g6 4. d4 cxd4 5. Nxd4 Bg7 6. Be3 Nf6 7. Nb3 O-O 8.
Be2 d6 9. O-O a5 10. a4 Nd7 11. f4 b6 12. Bf3 Ba6 13. Rf2 Rc8 14. Rd2 Nb4 15. e5
Qc7 16. exd6 exd6 17. Rxd6 Rfd8 18. Bg4 f5 19. Bf3 Nf6 20. Rxd8+ Rxd8 21. Qc1
Nfd5 22. Nxd5 Nxd5 23. Bd2 Bc4 24. h3 Qd6 25. Kh1 Rc8 26. Ra3 Bf8 27. Qe1 Qd7
28. Ra1 Bxb3 29. cxb3 Bg7 30. Rc1 Rxc1 31. Qxc1 Nb4 32. Qc4+ Kh8 33. Bc3 Qe7 34.
Qc8+ 1-0

[Event "Women's Speed Chess Q2"]
[Site "chess.com INT"]
[Date "2021.05.29"]
[Round "10"]
[White "Mordido, Kylen Joy"]
[Black "Antolak, Julia"]
[Result "0-1"]
[WhiteTitle "WIM"]
[BlackTitle "WIM"]
[WhiteElo "2014"]
[BlackElo "2306"]
[WhiteFideId "5219086"]
[BlackFideId "1159569"]
[EventDate "2021.05.29"]

1. c4 e5 2. g3 Nf6 3. Bg2 d5 4. cxd5 Nxd5 5. Nc3 Nb6 6. Nf3 Nc6 7. O-O Be7 8. a3
O-O 9. b4 Re8 10. b5 Nd4 11. Nxe5 Bf6 12. Ng4 Nxe2+ 13. Nxe2 Bxg4 14. f3 Bf5 15.
Ra2 Bb1 16. Rb2 Bd3 17. Re1 Bxb2 18. Bxb2 Bxe2 19. Rxe2 Qd3 20. Bf1 Rxe2 21.
Bxe2 Qd5 22. Qc2 Nd7 23. Bd3 Re8 24. Bxh7+ Kh8 25. Be4 Qc5+ 26. Qxc5 Nxc5 27.
Bd5 Rd8 28. Bxf7 Rxd2 29. Be5 c6 30. bxc6 bxc6 31. h4 Nd3 32. Bc3 Rc2 33. Bd4 c5
34. Be3 c4 35. Bd4 c3 36. h5 Ne1 37. Bd5 Rg2+ 38. Kf1 c2 39. h6 Rxg3 40. hxg7+
Rxg7 41. Bb2 Nd3 0-1

[Event "Women's Speed Chess Q2"]
[Site "chess.com INT"]
[Date "2021.05.29"]
[Round "10"]
[White "Samaganova, Alexandra"]
[Black "Antonova, Nadezhda"]
[Result "1-0"]
[WhiteTitle "WFM"]
[BlackTitle "WFM"]
[WhiteElo "1993"]
[BlackElo "1877"]
[WhiteFideId "13800221"]
[BlackFideId "14700182"]
[EventDate "2021.05.29"]

1. c4 Nf6 2. Nc3 g6 3. g3 Bg7 4. Bg2 O-O 5. e4 d6 6. Nge2 c5 7. O-O Nc6 8. d3 a6
9. a3 Rb8 10. f4 Ne8 11. Rb1 b5 12. cxb5 axb5 13. b4 cxb4 14. axb4 Nc7 15. d4 e5
16. Be3 Bd7 17. fxe5 dxe5 18. d5 Nd4 19. Nxd4 exd4 20. Bxd4 Bg4 21. Qd2 Bxd4+
22. Qxd4 Ne6 23. Qd3 Qb6+ 24. Kh1 Ng5 25. e5 Nh3 26. Ne4 Bf5 27. Rxf5 gxf5 28.
Bxh3 fxe4 29. Qxe4 Qf2 30. Rf1 Qd2 31. Bf5 Rfd8 32. d6 Ra8 33. Bxh7+ Kh8 34. Qh4
Ra2 35. Be4+ Kg7 36. Qh7+ Kf8 37. Qxf7# 1-0

[Event "Women's Speed Chess Q2"]
[Site "chess.com INT"]
[Date "2021.05.29"]
[Round "10"]
[White "Narva, Mai"]
[Black "Sukandar, Irine Kharisma"]
[Result "1-0"]
[WhiteTitle "WIM"]
[BlackTitle "IM"]
[WhiteElo "2276"]
[BlackElo "2413"]
[WhiteFideId "4500512"]
[BlackFideId "7101937"]
[EventDate "2021.05.29"]

1. e4 e5 2. Nc3 Nf6 3. f4 d5 4. fxe5 Nxe4 5. Qf3 Nxc3 6. dxc3 Be6 7. Be3 Qh4+ 8.
g3 Qa4 9. Bd3 Nd7 10. Bf4 O-O-O 11. Ne2 Be7 12. h4 h5 13. a3 c5 14. c4 dxc4 15.
Be4 Qa6 16. O-O-O Nb6 17. Bg5 Bxg5+ 18. hxg5 Na4 19. Nc3 Bg4 20. Bf5+ Kb8 21.
Bxg4 hxg4 22. Qe3 Rxh1 23. Rxh1 Nxc3 24. Qxc3 Qg6 25. Qe3 Qf5 26. Qxc5 Qxg5+ 27.
Kb1 Rc8 28. Qd6+ Ka8 29. Rf1 c3 30. bxc3 Qe3 31. c4 Qc3 32. Rf4 Qe1+ 33. Kb2
Qxg3 34. Rxf7 Qe3 35. e6 g3 36. e7 g2 37. Rf8 Qh3 38. Rxc8+ Qxc8 39. Qd8 1-0

[Event "Women's Speed Chess Q2"]
[Site "chess.com INT"]
[Date "2021.05.29"]
[Round "10"]
[White "Cori T., Deysi"]
[Black "Khalafova, Narmin"]
[Result "1-0"]
[WhiteTitle "WGM"]
[BlackTitle "WGM"]
[WhiteElo "2388"]
[BlackElo "2279"]
[WhiteFideId "3801934"]
[BlackFideId "13402625"]
[EventDate "2021.05.29"]

1. Nf3 Nf6 2. d4 d5 3. c4 c6 4. e3 Bf5 5. Nc3 a6 6. Bd3 Bxd3 7. Qxd3 e6 8. O-O
Bb4 9. Ne2 O-O 10. a3 Bd6 11. Nc3 Nbd7 12. Rd1 e5 13. cxd5 cxd5 14. dxe5 Nxe5
15. Nxe5 Bxe5 16. Nxd5 Nxd5 17. Qxd5 Qxd5 18. Rxd5 Rfd8 19. Rxd8+ Rxd8 20. f4
Bf6 21. Kf2 Rd3 22. Ke2 Rb3 23. Rb1 a5 24. Kd2 a4 25. Kc2 Kf8 26. Bd2 Ke7 27. e4
Bd4 28. Bc3 Be3 29. g3 g6 30. Re1 Bc5 31. e5 Ke6 32. Re4 b5 33. g4 Kd5 34. Re2
b4 35. Rd2+ Ke4 36. axb4 Be3 37. Rd7 Bxf4 38. Rxf7 h5 39. Rxf4+ Kxf4 40. e6 hxg4
41. e7 Kf3 42. e8=Q Kg2 43. Qxa4 Kxh2 44. Qxb3 1-0

[Event "Women's Speed Chess Q2"]
[Site "chess.com INT"]
[Date "2021.05.29"]
[Round "10"]
[White "Morris-Suzuki, Sophie"]
[Black "Purtseladze, Maka"]
[Result "1-0"]
[WhiteTitle "WFM"]
[BlackTitle "IM"]
[WhiteElo "2043"]
[BlackElo "2274"]
[WhiteFideId "30922615"]
[BlackFideId "13602659"]
[EventDate "2021.05.29"]

1. e4 e6 2. d4 d5 3. Nd2 Nf6 4. e5 Nfd7 5. f4 b6 6. Ngf3 Ba6 7. Bxa6 Nxa6 8. O-O
g6 9. c4 c6 10. Qe2 Nc7 11. b3 a5 12. a3 a4 13. b4 dxc4 14. Nxc4 Nd5 15. Ng5 b5
16. Nd6+ Bxd6 17. exd6 N7f6 18. Nxe6 fxe6 19. Qxe6+ Kf8 20. f5 g5 21. Bxg5 h6
22. Bh4 Ra7 23. Rac1 Rd7 24. Rxc6 Kg7 25. Qe5 Re8 26. Qg3+ Kh8 27. Qg6 Rg8 28.
Qxh6+ Rh7 29. Bxf6+ Nxf6 30. Qf4 Qf8 31. Rfc1 Qg7 32. R1c2 Ng4 33. Rc7 Qf6 34.
Rxh7+ Kxh7 35. Rc7+ Kh8 36. h3 Nh6 37. Rc5 Nf7 38. d7 Rd8 39. Rc8 Kg7 40. Qg4+
Kf8 41. Qf4 Ke7 42. Kh2 Rxd7 43. Qe4+ Kd6 44. Rc6# 1-0

[Event "Women's Speed Chess Q2"]
[Site "chess.com INT"]
[Date "2021.05.29"]
[Round "10"]
[White "Pourkashiyan, Atousa"]
[Black "Kiolbasa, Oliwia"]
[Result "1-0"]
[WhiteTitle "WGM"]
[BlackTitle "WIM"]
[WhiteElo "2322"]
[BlackElo "2255"]
[WhiteFideId "12502014"]
[BlackFideId "1154613"]
[EventDate "2021.05.29"]

1. e4 e5 2. Nf3 Nc6 3. Bb5 a6 4. Ba4 Nf6 5. O-O Nxe4 6. d4 b5 7. Bb3 d5 8. dxe5
Be6 9. Nbd2 Be7 10. c3 O-O 11. Bc2 f5 12. exf6 Nxf6 13. Re1 Qd7 14. Nf1 Rae8 15.
Ng3 Bg4 16. Bb3 Bc5 17. Be3 Bxe3 18. Rxe3 Rxe3 19. fxe3 Na5 20. Ne5 Bxd1 21.
Nxd7 Nxb3 22. Nxf6+ Rxf6 23. Rxd1 Na5 24. Rxd5 Nc4 25. e4 Nxb2 26. e5 Re6 27.
Ne4 Re8 28. Nc5 Nc4 29. e6 a5 30. Rd7 c6 31. Rc7 Ne5 32. Kf2 a4 33. Ke3 Ng4+ 34.
Ke4 Nxh2 35. Rxc6 Ng4 36. Rb6 Nf2+ 37. Kd5 Nd1 38. Kd6 Nxc3 39. Kd7 Kf8 40. Rc6
b4 41. Nb7 b3 42. Rxc3 b2 43. Rf3+ Kg8 44. Kxe8 h5 45. Rf1 1-0